<?xml version="1.0" encoding="UTF-8"?>
<record
    xmlns:xsi="http://www.w3.org/2001/XMLSchema-instance"
    xsi:schemaLocation="http://www.loc.gov/MARC21/slim http://www.loc.gov/standards/marcxml/schema/MARC21slim.xsd"
    xmlns="http://www.loc.gov/MARC21/slim">

  <leader>02351nam a22002897a 4500</leader>
  <controlfield tag="003">DO-SdBNP</controlfield>
  <controlfield tag="005">20260219105724.0</controlfield>
  <controlfield tag="007">ta</controlfield>
  <controlfield tag="008">210825e2018    dr ||||fr|||| 001 0 spa d</controlfield>
  <datafield tag="020" ind1=" " ind2=" ">
    <subfield code="a">9789945580488</subfield>
  </datafield>
  <datafield tag="040" ind1=" " ind2=" ">
    <subfield code="a">DO-SdBNP</subfield>
    <subfield code="b">spa</subfield>
    <subfield code="c">BNPHU</subfield>
  </datafield>
  <datafield tag="041" ind1=" " ind2=" ">
    <subfield code="h">spa</subfield>
  </datafield>
  <datafield tag="082" ind1=" " ind2="4">
    <subfield code="a">378.7293</subfield>
    <subfield code="b">H557m </subfield>
    <subfield code="2">22</subfield>
  </datafield>
  <datafield tag="100" ind1="1" ind2=" ">
    <subfield code="d"> Hern&#xE1;ndez, Angel</subfield>
    <subfield code="9">11092</subfield>
  </datafield>
  <datafield tag="245" ind1="1" ind2="0">
    <subfield code="a">Miradas sobre la educaci&#xF3;n superior dominicana / </subfield>
    <subfield code="c">&#xC1;ngel Hern&#xE1;ndez; edici&#xF3;n, Lennys Tejada Betancourt.</subfield>
  </datafield>
  <datafield tag="260" ind1=" " ind2=" ">
    <subfield code="a">Santiago de Los Caballeros, Rep&#xFA;blica Dominicana :</subfield>
    <subfield code="b">UAPA, </subfield>
    <subfield code="c">2018.</subfield>
  </datafield>
  <datafield tag="300" ind1=" " ind2=" ">
    <subfield code="a">161, [18] p. :</subfield>
    <subfield code="b">il., tablas ;</subfield>
    <subfield code="c">24 cm.</subfield>
  </datafield>
  <datafield tag="504" ind1=" " ind2=" ">
    <subfield code="a">Bibliograf&#xED;a: p. 167-169</subfield>
  </datafield>
  <datafield tag="505" ind1=" " ind2=" ">
    <subfield code="a">Introducci&#xF3;n.</subfield>
    <subfield code="t">1. Tendencias de la educaci&#xF3;n superior dominicana (1995-2017).--</subfield>
    <subfield code="t">2.Normativas importantes en el desarrollo de la Educaci&#xF3;n Superior Dominicana.</subfield>
    <subfield code="t">3. Pol&#xED;ticas principales del Ministerio de Educaci&#xF3;n Superior, Ciencia y Tecnolog&#xED;a, para el fortalecimientos de la Educaci&#xF3;n Superior Dominicana.--</subfield>
    <subfield code="t">4. Creaci&#xF3;n de conocimientos e innovaci&#xF3;n en las IES Dominicanas.--</subfield>
    <subfield code="t">5. Procesos de reclutamientos, selecci&#xF3;n y formaci&#xF3;n de los docentes universitarios dominicanos.--</subfield>
    <subfield code="t">6. El libre acceso a la Universidad: Mecanismos recientes para controlarlo POMA, College Board. Prueba en medicina.--</subfield>
    <subfield code="t">7. Oferta de planes y programas de estudio y su relaci&#xF3;n con las necesidades del mercado.--</subfield>
    <subfield code="t">8. La evaluaci&#xF3;n quinquenal en la calidad de las universidades.--</subfield>
    <subfield code="t">9. La Gobernanza en las IES Dominicana.--</subfield>
    <subfield code="t">11. El postgrado en la Universidad Dominicana.--</subfield>
    <subfield code="t">12. Papel juega la Universidad Dominicana en la lucha contra la pobreza.--</subfield>
    <subfield code="t">13. Internacionalizaci&#xF3;n de la Universidad Dominicana.--</subfield>
    <subfield code="t">10. &#xBF;C&#xF3;mo inciden las TIC y los recursos digitales en el desarrollo de la Universidad Dominicana?.--</subfield>
    <subfield code="t">14. El rol de la educaci&#xF3;n a distancia en el cambio de la educaci&#xF3;n superior dominicana.--</subfield>
    <subfield code="t">Financiamiento de la educaci&#xF3;n superior.--</subfield>
    <subfield code="t">Conclusi&#xF3;n.--</subfield>
    <subfield code="t">Bibliograf&#xED;a.--</subfield>
    <subfield code="t">Anexos.</subfield>
  </datafield>
  <datafield tag="590" ind1=" " ind2=" ">
    <subfield code="a">Inventriado 2021 / MF</subfield>
  </datafield>
  <datafield tag="650" ind1=" " ind2="0">
    <subfield code="a">Educaci&#xF3;n superior</subfield>
    <subfield code="z">Rep&#xFA;blica Dominicana</subfield>
    <subfield code="9">730</subfield>
  </datafield>
  <datafield tag="650" ind1=" " ind2="4">
    <subfield code="a">Pol&#xED;tica educativa</subfield>
    <subfield code="z">Rep&#xFA;blica Dominicana</subfield>
    <subfield code="9">10500</subfield>
  </datafield>
  <datafield tag="700" ind1="1" ind2="2">
    <subfield code="9">78873</subfield>
    <subfield code="a">Tejada Betancourt, Lennys G.</subfield>
    <subfield code="e">ed.</subfield>
  </datafield>
  <datafield tag="710" ind1="2" ind2=" ">
    <subfield code="a">Universidad Abierta para Adultos (Santiago de los Caballeros, Republica  Dominicana)</subfield>
    <subfield code="9">71401</subfield>
  </datafield>
  <datafield tag="910" ind1=" " ind2=" ">
    <subfield code="a">Validado. Control  de calidad MFF</subfield>
  </datafield>
  <datafield tag="942" ind1=" " ind2=" ">
    <subfield code="2">ddc</subfield>
    <subfield code="c">LBS1</subfield>
  </datafield>
  <datafield tag="952" ind1=" " ind2=" ">
    <subfield code="0">0</subfield>
    <subfield code="1">0</subfield>
    <subfield code="2">ddc</subfield>
    <subfield code="5">1</subfield>
    <subfield code="7">1</subfield>
    <subfield code="8">PD</subfield>
    <subfield code="a">BNPHU</subfield>
    <subfield code="b">PD</subfield>
    <subfield code="c">HD</subfield>
    <subfield code="d">2018-06-29</subfield>
    <subfield code="e">Donado por Editora B&#xFA;ho</subfield>
    <subfield code="l">0</subfield>
    <subfield code="o">BNPHU PD 378.7293 H557m </subfield>
    <subfield code="p">2021-25740</subfield>
    <subfield code="r">2021-08-25</subfield>
    <subfield code="w">2021-08-25</subfield>
    <subfield code="y">LFPD</subfield>
  </datafield>
  <datafield tag="952" ind1=" " ind2=" ">
    <subfield code="0">0</subfield>
    <subfield code="1">0</subfield>
    <subfield code="2">ddc</subfield>
    <subfield code="5">1</subfield>
    <subfield code="7">2</subfield>
    <subfield code="8">PD</subfield>
    <subfield code="a">BNPHU</subfield>
    <subfield code="b">PD</subfield>
    <subfield code="c">HD</subfield>
    <subfield code="d">2018-06-29</subfield>
    <subfield code="e">Donado por Editora B&#xFA;ho</subfield>
    <subfield code="l">0</subfield>
    <subfield code="o">BNPHU PD 378.7293 H557m </subfield>
    <subfield code="p">2021-25742</subfield>
    <subfield code="r">2021-08-26</subfield>
    <subfield code="t">e.2</subfield>
    <subfield code="w">2021-08-26</subfield>
    <subfield code="y">LFPD</subfield>
  </datafield>
  <datafield tag="952" ind1=" " ind2=" ">
    <subfield code="0">0</subfield>
    <subfield code="1">0</subfield>
    <subfield code="2">ddc</subfield>
    <subfield code="5">6</subfield>
    <subfield code="7">0</subfield>
    <subfield code="8">DS</subfield>
    <subfield code="a">BNPHU</subfield>
    <subfield code="b">DO</subfield>
    <subfield code="c">HD</subfield>
    <subfield code="d">2018-06-29</subfield>
    <subfield code="e">Donado por Editora B&#xFA;ho</subfield>
    <subfield code="l">0</subfield>
    <subfield code="o">BNPHU DS 378.7293 H557m </subfield>
    <subfield code="p">2021-25743</subfield>
    <subfield code="r">2021-08-26</subfield>
    <subfield code="t">e.3</subfield>
    <subfield code="w">2021-08-26</subfield>
    <subfield code="y">LFDS</subfield>
  </datafield>
  <datafield tag="999" ind1=" " ind2=" ">
    <subfield code="c">50295</subfield>
    <subfield code="d">50295</subfield>
  </datafield>
</record>
